000 00926nam a2200229 a 4500
003 OSt
005 20130924181657.0
008 130924s2004 ag ||||| |||| 00| 0 spa d
040 _cBiblioteca Medicina
041 _aspa
082 _bMINIST. DE SALUD 0303
110 _aMinisterio de Educacion, Ciencia y Tecnologia
_92609
245 0 0 _aEstadisticas Universitarias Anuario 1999-2003
250 _a1ยบ ed.
260 _aBuenos Aires
_bMinisterio de Educacion, Ciencia y Tecnologia; Secretaria de Politicas Universitarias
_c2004
300 _a225 p.
653 _aUNIVERSIDADES-ESTADISTICAS-1999-2003
653 _aEDUCACION-ESTADISTICAS-1999-2003
942 _2ddc
_cPH
999 _c1675
_d1675
952 _40
_00
_bBFM
_10
_oMINIST. DE SALUD 0303
_d2013-09-24
_tEj. 1
_8NFIC
_70
_cCR
_2ddc
_yPH
_aBFM
952 _40
_00
_bBFM
_10
_oMINIST. DE SALUD 0303
_d2013-09-24
_tEj. 2
_8NFIC
_70
_cCR
_2ddc
_yPH
_aBFM